Loading...
| Fine Arts - Classical Music | 0 | 11 | 0 | 3 | 110 | 60 | 100.18 | 1 | 4 |
| Science - Biology | 0 | 7 | 1 | 1 | 65 | 36 | 91.43 | 1 | 3 |
| Science - Other Science | 0 | 6 | 0 | 0 | 60 | 37 | 78.17 | 3 | 4 |
| History - American History | 0 | 4 | 0 | 1 | 40 | 45 | 84.75 | 2 | 2 |
| Geography | 0 | 5 | 2 | 0 | 40 | 59 | 75.80 | 0 | 3 |
| Religion | 0 | 5 | 2 | 0 | 40 | 96 | 104.60 | 2 | 2 |
| History - World History | 0 | 4 | 0 | 2 | 40 | 41 | 100.75 | 1 | 1 |
| Fine Arts - Painting & Sculpture | 0 | 4 | 1 | 0 | 35 | 108 | 130.25 | 0 | 1 |
| Fine Arts - Other Fine Arts | 0 | 4 | 1 | 1 | 35 | 62 | 101.00 | 1 | 1 |
| Science - Physics | 0 | 3 | 0 | 0 | 30 | 64 | 109.33 | 1 | 1 |
| Current Events | 0 | 2 | 0 | 1 | 20 | 67 | 108.50 | 0 | 0 |
| Mythology | 0 | 2 | 0 | 0 | 20 | 130 | 137.00 | 0 | 0 |
| Social Science | 0 | 3 | 2 | 0 | 20 | 80 | 107.00 | 0 | 1 |
| Other Academic | 0 | 2 | 1 | 0 | 15 | 111 | 115.50 | 0 | 0 |
| Literature - World Literature | 0 | 1 | 0 | 0 | 10 | 107 | 107.00 | 0 | 0 |
| Literature - American Literature | 0 | 1 | 0 | 0 | 10 | 97 | 97.00 | 0 | 0 |
| Philosophy | 0 | 1 | 0 | 1 | 10 | 143 | 143.00 | 0 | 0 |
| History - European History | 0 | 1 | 0 | 0 | 10 | 92 | 92.00 | 0 | 1 |
| History - Other History | 0 | 1 | 1 | 0 | 5 | 82 | 82.00 | 0 | 0 |
| Science - Chemistry | 0 | 0 | 1 | 0 | -5 | 0.00 | 0 | 0 |